| 000 | 01406cam a22001931 04500 | ||
|---|---|---|---|
| 001 | 6004 | ||
| 090 | _a6004 | ||
| 100 | _a20211231d1974 m||y0pory50030103ba | ||
| 200 | 1 |
_aAssassinato de um Herói _fMariano Robles Romero-Robledo, José António Novais |
|
| 210 | 9 |
_aLisboa _cLiber _d[D.L. 1974] |
|
| 215 |
_a271 p. _cil. |
||
| 330 | _aoi um dos que ficou pelo caminho com o seu sangue a argamassar a resistência portuguesa que haveria de explodir em triunfo só em 25 de Abril deste ano. Pode falar-se à vontade dele e dos que o mataram e estes responderão pelo crime. Na opinião pública já há muito foram condenados e execrados. E enquanto não comparecerem perante o tribunal os criminosos, livros como este de Mariano Robles e José António Novais narram os meandros de uma fase da luta de reconquista das liberdades durante o último meio século de vida carcerária. Bem triste sina a da nossa geração onde os crimes como o que vitimou Humberto Delgado forem correntes. São os marcos miliários desta penosa viasacra da nossa História contemporânea. Obra ilustrada com diversas fotografias e cópias de documentos. | ||
| 606 |
_9392 _aHistória de Portugal _zIdade Contemporânea |
||
| 675 |
_a94(469) _vmed _zpor |
||
| 700 |
_aRomero-Robledo _bMariano Robles _f1910-1976 _95683 |
||
| 701 |
_aNovais _bJosé António _95684 _f1962- |
||
| 801 | 0 |
_aPT _bBMVN _gRPC |
|
| 830 |
_cInês Silva _d31/12/2021 |
||
| 990 | _cLIVROS | ||